| 000 | 00721nam a2200229Ia 4500 | ||
|---|---|---|---|
| 999 |
_c49273 _d49273 |
||
| 001 | 16188 | ||
| 003 | GE_BSU | ||
| 005 | 20221128152454.0 | ||
| 008 | 181216s2012||||enk|||||||||||||| ||eng|| | ||
| 020 | _a9780756689704x | ||
| 040 | _cGE_BSU | ||
| 041 | _aeng | ||
| 080 | _a15 T-44 | ||
| 100 |
_aAtkinson, Sam _916162 |
||
| 245 | 4 |
_aThe Psychology Book: _b[Big ideas simply explained] / _cAtkinson,Sam. Tomley,Sarah. Landay,Cecile and other. |
|
| 264 |
_aNew York : _bDorling Kindesley Limited, _c2012. |
||
| 300 |
_a353 p.: _bill.; _c24 cm. |
||
| 653 | _aფსიქოლოგია | ||
| 700 |
_aTomley, Sarah _eავტორი _916163 |
||
| 700 |
_aLanday, Cecile _eავტორი _916164 |
||
| 942 |
_cBK _2udc |
||